Every Perfect AOTY Score from Ghostlyyo - Statistics

General Stats
  • This quiz has been taken 20 times
  • The average score is 7 of 21
Answer Stats
Albums % Correct
2012 good kid, m.A.A.d city
79%
2015 To Pimp A Butterfly
79%
2004 The College Dropout
64%
2005 Late Registration
50%
2004 Madvillainy
50%
2010 My Beautiful Dark Twisted Fantasy
50%
2016 The Life of Pablo
50%
1991 The Low End Theory
50%
1994 Illmatic
43%
2012 1999
36%
2018 KIDS SEE GHOSTS
36%
2017 Flower Boy
21%
1993 Midnight Marauders
21%
2018 Some Rap Songs
21%
2019 Injury Reserve
14%
2013 Nothing Was The Same
14%
1989 3 Feet High and Rising
7%
2021 Pray For Haiti
7%
2013 Wolf
7%
2015 B4.DA.$$
0%
2016 We got it from Here... Thank You 4 Your service
0%
No matching quizzes found
Score Distribution
Percent of People with Each Score
Percentile by Number Answered
Your Score History
You have not taken this quiz